000 00688nam a2200289Ia 4500
005 20260324141153.0
008 008 260324s9999 xx 000 0 eng d
020 _a9781315236360
037 _aEBOOK
040 _aCRL
040 _beng
040 _cCRL
041 _2eng
041 _aeng
084 _qCRL
100 _aMargaret Mullett
_91183084
245 0 _aTheophylact of Ochrid
245 0 _bReading the Letters of a Byzantine Archbishop
260 _bTaylor and Francis
260 _c1997
365 _a
365 _b230
856 _uhttp://www.taylorfrancis.com/books/9781315236360
942 _cEBOOK
999 _c1809992
_d1809992